Arte primitivo y pintores modernos
Saved in:
| Hovedforfatter: | |
|---|---|
| Format: | Bog |
| Sprog: | spansk |
| Udgivet: |
Buenos Aires
El Ateneo
1944
|
| Fag: | |
| Tags: |
Tilføj Tag
Ingen Tags, Vær først til at tagge denne postø!
|
MARC
| LEADER | 00000nam a2200000 a 4500 | ||
|---|---|---|---|
| 001 | UCT3669 | ||
| 003 | CL-VaPUC | ||
| 008 | 961024e19440000AG |||||||||||||||||spa|d | ||
| 082 | 0 | 4 | |a 759.03 |b RUS |2 21 |
| 100 | 0 | |a Ruskin, John |e author |9 372604 | |
| 245 | 1 | 0 | |a Arte primitivo y pintores modernos |
| 300 | |a 357 p | ||
| 942 | |c BK | ||
| 945 | |d 19961024 00:00:00 |a nastorga | ||
| 260 | |a Buenos Aires |b El Ateneo |c 1944 | ||
| 650 | 0 | |a Pintura renacentista |9 266314 | |
| 650 | 0 | |a Arte renacentista |9 264949 | |
| 650 | 7 | |a PINTORES MODERNOS |2 CL-VaPUC |9 372605 | |
| 650 | 0 | |a Arte primitivo |9 267985 | |
| 583 | |a last modification |c 19961024 00:00:00 |k Rodrigo Vera | ||
| 999 | |c 253230 |d 253228 | ||
| 952 | |0 0 |1 0 |4 0 |6 759_030000000000000_RUS_1944 |7 0 |8 A |9 273891 |a BIBARQ |b BIBARQ |d 2019-11-19 |i 3245365 |l 1 |o 759.03 RUS 1944 |p 3245365 |r 2025-01-20 |s 2023-04-03 |w 2019-11-19 |y BK |k ARQ | ||